|
|
|
|
| LEADER |
01279nam a2200337 a 4500 |
| 001 |
737977 |
| 008 |
090715s1998 enka b 001 0 eng d |
| 010 |
|
|
|a \\\98235188
|
| 020 |
|
|
|a 0415173868 (hbk)
|
| 020 |
|
|
|a 0415173876 (pbk.)
|
| 035 |
|
|
|a (OCoLC)40272795
|
| 040 |
|
|
|a UkBaU
|c UkBaU
|d DLC
|
| 082 |
0 |
0 |
|a 822.3/3
|2 21
|
| 245 |
0 |
0 |
|a Post-colonial Shakespeares /
|c edited by Ania Loomba and Martin Orkin.
|
| 260 |
|
|
|a London ;
|a New York :
|b Routledege,
|c 1998.
|
| 300 |
|
|
|a x, 308 p. ;
|c 21 cm.
|
| 490 |
1 |
|
|a New accents
|
| 504 |
|
|
|a Includes bibliographical references (p. [277]-298) and index.
|
| 541 |
1 |
|
|e 00016529
|
| 600 |
1 |
0 |
|a Shakespeare, William,
|d 1564-1616
|x Political and social views.
|
| 600 |
1 |
0 |
|a Shakespeare, William,
|d 1564-1616
|x Appreciation
|z Developing countries.
|
| 650 |
|
0 |
|a Imperialism in literature.
|
| 650 |
|
0 |
|a Colonies in literature.
|
| 650 |
|
0 |
|a Race in literature.
|
| 650 |
|
0 |
|a Postcolonialism.
|
| 700 |
1 |
|
|a Loomba, Ania.
|
| 700 |
1 |
|
|a Orkin, Martin.
|
| 830 |
|
0 |
|a New accents (Routledge (Firm))
|
| 852 |
4 |
|
|a Ayesha Abed Library
|j General shelf
|
| 999 |
|
|
|c 2463
|d 2463
|
| 952 |
|
|
|0 0
|1 0
|2 ddc
|4 1
|6 822_300000000000000_3_POS
|7 0
|9 2279
|a BRACUL
|b BRACUL
|c SPS
|d 2009-07-16
|g 80.00
|l 7
|m 60
|o 822.33 POS
|p 3010016529
|r 2018-02-13
|s 2018-01-23
|t 1
|w 2009-07-16
|y BK
|